| 000 | 00855nam a2200277Ia 4500 | ||
|---|---|---|---|
| 003 | OSt | ||
| 005 | 20220918170838.0 | ||
| 006 | a|||||r|||| 00| 0 | ||
| 007 | ta | ||
| 008 | 220917b |||||||| |||| 00| 0 eng d | ||
| 020 | _a9780745327563 (pbk) | ||
| 024 | _a250,986 | ||
| 037 | _cTextual | ||
| 040 |
_aARTS _cARTS _beng |
||
| 041 |
_2eng _aeng |
||
| 082 | _aX:991.1, P8 | ||
| 100 |
_aBieler Andreas Ed. _931633 |
||
| 245 | 0 |
_aLabour and the challenges of globalization _b What prospects for transnational solidarity? |
|
| 260 |
_aLondon _bPluto Press UK _c2008 |
||
| 300 |
_axxii,330p. _ccm. |
||
| 650 | _aECONOMICS | ||
| 700 |
_a Lindberg Ingemar Ed. _931634 |
||
| 700 |
_a Pillay Devan Ed. _931635 |
||
| 942 |
_hX:991.1, P8 _cTEXL _2CC |
||
| 999 |
_c136186 _d136186 |
||